| 000 | | | 03773nmc2a22000003x 450 |
| 001 | | | 05735458-1c9d-40c0-a85e-7d7975953ef3 |
| 005 | | | 20181226115918.0 |
| 100 | ## | $a | 20170628l18471847k l0rusy0189 ca |
| 101 | 0# | $a | rus |
| 102 | ## | $a | RU |
| 200 | 1# | $a | Дело о платеже денег содержателям цирков Лежар и Гуерро за посещение представлений их государем императором |
| | $j | 26 февраля - 22 мая 1847 г. |
| 251 | ## | $c | Дело |
| 300 | ## | $a | По Канцелярии директора за 1847 год |
| 300 | ## | $a | Дело |
| 801 | #0 | $a | RU |
| | $b | РГИА |
| | $c | 20170628 |
| | $g | RCR |
| 801 | #1 | $a | RU |
| | $b | ГлавНИВЦ |
| | $c | 20170628 |
| | $2 | rusmarc |
| 801 | #2 | $a | RU |
| | $b | ПБ им. Б.Н. Ельцина |
| | $c | 20181226 |
| | $g | RCR |
| | $2 | rusmarc |
| 850 | ## | $a | РГИА |
| 852 | ## | $a | РГИА |
| | $e | Федеральное казенное учреждение "Российский государственный исторический архив" (РГИА) |
| | $j | 11447 |
| 937 | ## | $h | РГИА |
| | $d | 12246798 |
| | $a | ASBIBLIO_SCAN |
| 462 | #0 | $1 | 001dd3991dc-24e1-42ec-8838-ca4255420416 |
| | $1 | 2001 |
| | $a | Дирекция императорских театров (1746-1850 гг.) |
| | $1 | 251 |
| | $c | Опись |
| | $1 | 852 |
| | $j | 1 |
| 461 | #0 | $1 | 0019264ebf8-de62-4f1a-9eb4-9f22098dbbd5 |
| | $1 | 2001 |
| | $a | Дирекция императорских театров Министерства императорского двора |
| | $1 | 251 |
| | $c | Фонд |
| | $1 | 852 |
| | $j | 497 |
| 215 | ## | $a | 25 л. |
| | $d | 36,5х26 см |
| 371 | ## | $a | Документ не является опубликованным и широко распространяемым |
| 105 | ## | $a | y### |
| 122 | 2# | $a | d |
| 035 | ## | $a | 05735458-1c9d-40c0-a85e-7d7975953ef3 |
| 856 | ## | $u | http://readingroom.main.prlib.ru/item.aspx?id_node=n122427561&mode=full |